00710nam a2200229Ia 4500003000400000005001700004008004100021020002200062040000700084041000800091082002800099100002600127245002700153260003500180300001500215365001400230650002600244906002700270942001200297999001900309952015200328OSt20230502145308.0210423s2020 xx 000 0 und d a978-93-88012-34-8 cAL aeng a336.27140954 223bMITG aMITTAL (Ankit)996155 aGST and Indian economy aJaipurbLiterature Housec2020 aix,291bHB b1695cINR aPublic Finance996156 aeconomy ; GST ; Indian 2ddccBK c170578d170578 001040708ECOaSACPGbSACPGd2020-02-24eAlka Prakashang1695.00l1o336.27140954 MITGpPG017080r2024-10-14 00:00:00s2024-10-04w2021-04-26yBK